[Event "Novokuznetsk op"]
[Site "Novokuznetsk"]
[Date "2012.08.02"]
[Round "1"]
[White "Shukan, Alexander"]
[Black "Schepetkov, Roman"]
[Result "1-0"]
[WhiteElo "2159"]
[BlackElo "1851"]
[PlyCount "117"]
[EventDate "2012.08.02"]
[EventType "swiss"]
[EventRounds "9"]
[EventCountry "RUS"]
[SourceTitle "EXT 2013"]
[Source "ChessBase"]
[SourceDate "2012.11.22"]
[SourceVersion "1"]
[SourceVersionDate "2012.11.22"]
[SourceQuality "1"]

1. e4 e6 2. d3 d5 3. Nd2 dxe4 4. dxe4 Nd7 5. Ngf3 b6 6. Bb5 Bb7 7. Ne5 Ngf6 8. Ndf3 a6 9. Bc6 Bxc6 10. Nxc6 Qc8 11. e5 Nd5 12. 0-0 Qb7 13. Nfd4 Bc5 14. c4 Ne7 15. Nxe7 Bxe7 16. Qa4 0-0-0 17. Nc6 Rde8 18. b4 b5 19. cxb5 axb5 20. Na7+ Kb8 21. Nxb5 Nb6 22. Qb3 Nd5 23. Nd4 Bxb4 24. Rb1 c5 25. Bd2 Re7 26. Bxb4 cxb4 27. Nc2 Ka8 28. Nxb4 Qxb4 29. Qxd5+ exd5 30. Rxb4 Rxe5 31. Rfb1 Re7 32. Ra4+ Ra7 33. Rxa7+ Kxa7 34. Rb5 Rd8 35. Kf1 Ka6 36. a4 d4 37. Ke2 d3+ 38. Kd2 Rd4 39. Rf5 f6 40. a5 Rd6 41. Rc5 g6 42. g4 Rd4 43. h3 Rd7 44. h4 Rd6 45. h5 Rd4 46. f3 Rf4 47. Ke3 g5 48. Rd5 d2 49. Rxd2 Kxa5 50. Rd4 Rxd4 51. Kxd4 Kb6 52. Kd5 h6 53. Ke6 Kc6 54. Kf5 Kd6 55. Kg6 Ke5 56. Kxh6 Kf4 57. Kg6 Kxf3 58. Kxf6 Kxg4 59. h6 1-0